000 00874nam a22002415i 4500
001 177426
003 ES-MaACL
005 20250804062605.0
008 110322s2010 sp |||| | spa d
020 _a978-84-206-7424-7
080 _a808.5
100 1 _aCattani, Adelino.
_937081
245 1 0 _aExpresarse con acierto
_b: una palabra para cada ocasión, una ocasión para cada palabra /
_cAdelino Cattani ; [traducción: Josefa Linares de la Puerta].
260 _aMadrid :
_bAlianza,
_cD. L. 2010.
300 _a157 p. ;
_c18 cm.
490 1 _aEl libro de bolsillo. Humanidades ;
_vHU 1
504 _aBibliografía: p. 147-157.
650 4 _aOratoria.
_915732
700 1 _aLinares, Pepa.
_972344
830 0 3 _aEl libro de bolsillo.
_pHumanidades
_vHU 1
_9178672
852 _aES-MaACL
_j2305-F-5
_zDonativo de Pepa Linares
999 _c177426
_d177426